Culture Générale - Série 1878 - Statistiques

Statistiques générales
  • Ce quiz a été pris 78 fois
  • Le résultat moyen est 3 sur 10
Statistiques - réponses
Question Réponse % Correct
Quel fleuve d'Ethiopie long de 760 km porte le même nom qu'une marque de lessive ? Omo
63%
Qu'est-ce qu'un agaric ou psalliote ? champignon
49%
A quel archipel grec appartient l'île inhabitée de Délos ? Cyclades
39%
Dans le corps humain, comment s'appelle la seconde vertèbre cervicale (C2) ? axis
28%
Quelle est l'unité monétaire de la Corée du sud ? won
25%
Qu'est-ce que la "rédowa" d'origine tchèque ? danse
19%
Dans quel département français se trouve la ville de Fumel ? Lot-et-Garonne
13%
Cette plante herbacée montagnarde très toxique s'appelle aconit tue-.... voir photo loup
13%
Comment appelle-t-on également l'agate noire, symbole de force et de soutien dans les moments difficiles ? onyx
9%
Comment appelle-t-on une prothèse de la jambe, dite aussi jambe de bois ? pilon
7%
Aucun quiz correspondant
Distribution des résultats
% des personnes avec chaque résultat
Percentile par nombre de réponses
Votre historique - résultats
Vous n’avez pas pris ce quiz